000 00320nam a2200133Ia 4500
008 240624s9999 xx 000 0 und d
041 _aeng
082 _a823 ULY
100 _aMACLEAN ALISTAIR
245 _aHMS ULYSSES
260 _c2004
_aNew Delhi
_bHarper Collins
300 _a467 : p. : cm. ; 18
365 _cRS
_b25
999 _c18560
_d18560